| 000 | 00634nam a2200193Ia 4500 | ||
|---|---|---|---|
| 005 | 20260429112241.0 | ||
| 008 | 260429s9999||||xx |||||||||||||| ||und|| | ||
| 020 | _a9788171193929 | ||
| 041 | _aHindi | ||
| 082 |
_a891.438 _bRAK |
||
| 100 | _aराकेश, मोहन | ||
| 245 | 0 |
_aएकत्र : _bअसंकलित रचनाएँ / _cमोहन राकेश |
|
| 250 | _a3rd ed. | ||
| 260 |
_aप्रयागराज : _bराधाकृष्ण प्रकाशन, _c2019. |
||
| 300 | _a529 p.; Hb | ||
| 650 | _aSocial Sciences | ||
| 700 | _a तनेजा, जयदेव | ||
| 942 | _cTB | ||
| 999 |
_c53123 _d53123 |
||